Modos de ver: basado en la serie de la televisión BBC en colaboración con John Berger.

Zapisane w:
Opis bibliograficzny
1. autor: Berger, John (autor)
Format: Książka
Wydane: Barcelona, España: Gustavo Gili, 2016.
Wydanie:3ª edición. 4ª tirada.
Hasła przedmiotowe:
Etykiety: Dodaj etykietę
Nie ma etykietki, Dołącz pierwszą etykiete!

MARC

LEADER 00000nam a22000007a 4500
003 CL-VaPUC
005 20250321101927.0
008 250121t2016 ||||| |||| 00| 0 eng d
999 |c 446693  |d 446691 
020 |a 978-84-252-2892-6 
040 |c Pontificia Universidad Católica de Valparaíso 
082 7 |a 701.17 BER 2016  |2 22 
100 |a Berger, John  |e autor  |9 421636 
245 |a Modos de ver:  |b basado en la serie de la televisión BBC en colaboración con John Berger.  
250 |a 3ª edición. 4ª tirada.  
260 |a Barcelona, España:   |b Gustavo Gili,   |c 2016. 
300 |a 165 páginas.  
500 |a c.1-c.5. Instituto Arcos 8-1-2025. 
583 |k GC  |c 20230529 
650 0 |a Psicología del arte  |9 265264 
650 0 |a Apreciación estética   |9 345969 
942 |2 ddc  |c BK  |n 0 
952 |0 0  |1 0  |2 ddc  |4 0  |6 701_170000000000000_BER_2016  |7 0  |8 A  |9 599619  |a BIBINC  |b BIBINC  |d 2025-01-21  |e Instituto Arcos   |i 5664630  |o 701.17 BER 2016  |p 5664630  |r 2025-01-21  |t 1  |w 2025-01-21  |y BK  |k IFP 
952 |0 0  |1 0  |2 ddc  |4 0  |6 701_170000000000000_BER_2016  |7 0  |8 A  |9 599620  |a BIBINC  |b BIBINC  |d 2025-01-21  |e Instituto Arcos   |i 5664631  |l 1  |o 701.17 BER 2016  |p 5664631  |r 2025-03-27  |s 2025-03-20  |t 2  |w 2025-01-21  |y BK  |k IFP 
952 |0 0  |1 0  |2 ddc  |4 0  |6 701_170000000000000_BER_2016  |7 0  |8 A  |9 599621  |a BIBINC  |b BIBINC  |d 2025-01-21  |e Instituto Arcos   |i 5664632  |o 701.17 BER 2016  |p 5664632  |r 2025-01-21  |t 3  |w 2025-01-21  |y BK  |k IFP 
952 |0 0  |1 0  |2 ddc  |4 0  |6 701_170000000000000_BER_2016  |7 0  |8 A  |9 599622  |a BIBINC  |b BIBINC  |d 2025-01-21  |e Instituto Arcos   |i 5664633  |o 701.17 BER 2016  |p 5664633  |r 2025-01-21  |t 4  |w 2025-01-21  |y BK  |k IFP 
952 |0 0  |1 0  |2 ddc  |4 0  |6 701_170000000000000_BER_2016  |7 0  |8 A  |9 599954  |a BIBINC  |b BIBINC  |d 2025-01-21  |e Instituto Arcos   |i 5664954  |o 701.17 BER 2016  |p 5664954  |r 2025-01-27  |t 5  |w 2025-01-21  |y BK  |k IFP